| 000 | 00881nam a2200253Ia 4500 | ||
|---|---|---|---|
| 003 | OSt | ||
| 005 | 20220918111013.0 | ||
| 006 | a|||||r|||| 00| 0 | ||
| 007 | ta | ||
| 008 | 220915b |||||||| |||| 00| 0 hin d | ||
| 024 | _a164647 | ||
| 037 | _cReference Collections | ||
| 040 |
_aARTS _cARTS _bhin |
||
| 041 |
_2hin _ahin |
||
| 082 | _aO152b4a, M0(RR) | ||
| 100 |
_aअग्रवाल, गिरिजा शरण _910407 |
||
| 245 | 0 | _aशोध संदर्भ | |
| 246 | _aShodh sandarbha | ||
| 260 |
_aबिजनौर _bहिन्दी साहित्य निकेतन _c1980 |
||
| 300 | _a604 पृ0 | ||
| 700 | _a अग्रवाल, मीना | ||
| 942 |
_hO152b4a, M0(RR) _cREF |
||
| 999 |
_c116344 _d116344 |
||